Scottish and Newcastle PLC v Zeljko Stephen Raguz (Record no. 78553)

MARC details
000 -LEADER
fixed length control field 01143cab a22002055a 4500
001 - CONTROL NUMBER
control field L137096
008 - FIXED-LENGTH DATA ELEMENTS--GENERAL INFORMATION
fixed length control field 070314e2007 xxk 000 0 eng d
035 ## - SYSTEM CONTROL NUMBER
System control number (Sirsi) u137096
041 ## - LANGUAGE CODE
Language code of text/sound track or separate title eng
245 00 - TITLE STATEMENT
Title Scottish and Newcastle PLC v Zeljko Stephen Raguz
Medium [electronic resource]
260 ## - PUBLICATION, DISTRIBUTION, ETC.
Date of publication, distribution, etc. 2007
520 ## - SUMMARY, ETC.
Summary, etc. [2007] EWCA Civ 150, 6 March 2007. The landlord wished to preserve the possibility of claiming against an original tenant when the rent was subject to review. "Held": the landlord had to serve notices under the Landlord and Tenant (Covenants) Act 1995 s.17(2) within six months after each rent day in turn, specifying in the Schedule that the sum intended to be recovered was then nil, but subject to para.4 of the notice and the possibility of the rent being determined to be a greater sum.
590 ## - LOCAL NOTE (RLIN)
Local note KA
650 24 - SUBJECT ADDED ENTRY--TOPICAL TERM
Topical term or geographic name entry element LANDLORD AND TENANT (COVENANTS) ACT 1995 S17
650 24 - SUBJECT ADDED ENTRY--TOPICAL TERM
Topical term or geographic name entry element SCOTTISH AND NEWCASTLE PLC V RAGUZ
650 24 - SUBJECT ADDED ENTRY--TOPICAL TERM
Topical term or geographic name entry element LAND REGISTRATION ACT ACT 1925 S24
651 #4 - SUBJECT ADDED ENTRY--GEOGRAPHIC NAME
Geographic name LONDON
856 40 - ELECTRONIC LOCATION AND ACCESS
Uniform Resource Identifier <a href="https://www.bailii.org/ew/cases/EWCA/Civ/2007/150.html">https://www.bailii.org/ew/cases/EWCA/Civ/2007/150.html</a>
Public note View the item free of charge at www.bailii.org...
942 ## - ADDED ENTRY ELEMENTS (KOHA)
Suppress in OPAC 0
Holdings
Withdrawn status Lost status Source of classification or shelving scheme Damaged status Not for loan Home library Current library Shelving location Date acquired Total Checkouts Full call number Barcode Date last seen Copy number Price effective from Koha item type
    Dewey Decimal Classification     Virtual Virtual Online 14/03/2007   ONLINE PUBLICATION 137096-1001 06/08/2019 1 06/08/2019 Law report